| 000 | 00544nam a2200217Ia 4500 | ||
|---|---|---|---|
| 008 | 160319s9999 xx 000 0 und d | ||
| 020 | _a9831870743 | ||
| 050 | _a500 | ||
| 050 | _bN273t 2003 | ||
| 100 | _aNatarajan, Cindy. | ||
| 245 | _aThings around us : | ||
| 245 | _bthe living world / | ||
| 245 | _cCindy Natarajan. | ||
| 260 | _aPenang : | ||
| 260 | _bRhythm Distributor Sdn.Bhd. | ||
| 260 | _c2003 | ||
| 300 | _a23 pages : | ||
| 300 | _bcolor illustrations ; | ||
| 300 | _c26cm. | ||
| 440 | _aJunior science explorer. | ||
| 999 |
_c291994 _d291994 |
||